|
|
แสดงรายละเอียดบรรณานุกรม |
|
|
Brief Record
: Get Marc (ISO 2709)
: E-mail record
: |
|
|
| LEADER 00000nam 2200000uu 4500 | |||
| 001 208593 | |||
| 003 ULIBM | |||
| 008 121110s2554||||th 000 0 tha d | |||
| 020 ^a9786167342818 | |||
| 040 ^abcnkk | |||
| 041 0 ^atha | |||
| 050 4 ^aTK5105.875.I57 อ568i 2554 | |||
| 100 0 ^aอัมรินทร์ เพ็ชรกุล | |||
| 245 10 ^aInternet + Google ฉบับสมบูรณ์./^bอัมรินทร์ เพ็ชรกุล. | |||
| 246 0 ^aInternet | |||
| 246 0 ^aGoogle | |||
| 250 ^aพิมพ์ครั้งที่ 1 | |||
| 260 ^aกรุงเทพฯ : ^bซิมพลิฟาย,^c2554 | |||
| 300 ^a408 หน้า;^bภาพประกอบ | |||
| 650 4 ^aอินเตอร์เน็ต | |||
| 650 4 ^aกูเกิล (โปรแกรมคอมพิวเตอร์) | |||
| 999 ^aใช้งานได้ทุกระบบ | |||
| คุณยังไม่ได้ล็อกอิน คุณสามารถมีกิจกรรมร่วมกับเว็บไซต์ได้ แต่ต้องล็อกอินก่อน :: |
|
| สถานะ | |||||||||
| 1. | หนังสือทั่วไป | TK5105.875.I57 อ568i 2554 | On Shelf ขอยืม | ||||||
| Note:ปีงบประมาณ 2555 | |||||||||
| 2. | หนังสือทั่วไป สถานะ=หนังสือเก่า - บริการ ณ ห้องสมุด (ห้องเหลือง) | TK5105.875.I57 อ568i 2554 ฉ.3 | On Shelf ขอยืม | ||||||
| Note:ปีงบประมาณ 2555 | |||||||||
| 3. | หนังสือทั่วไป สถานะ=หนังสือเก่า - บริการ ณ ห้องสมุด (ห้องเหลือง) | TK5105.875.I57 อ568i 2554 ฉ.4 | On Shelf ขอยืม | ||||||
| Note:ปีงบประมาณ 2555 | |||||||||
| [แสดง 3/3 รายการ] | |||||||||
| รายการใกล้เคียง หัวเรื่อง [อินเตอร์เน็ต]
|
BibComment |
| คอมเมนท์ทรัพยากรรายการนี้ |
|
|